Statistiques concernant Les 30 mangas les plus vendus au monde

Cliquez ici pour prendre le quiz!

Statistiques générales

  • Ce quiz a été pris 6 680 fois
    (6 279 depuis la dernière actualisation)
  • Le résultat moyen est 7 sur 30

Statistiques - réponses

Volumes vendus (en millions)Titre en français% Correct
470One piece
99%
235Naruto
98%
300Dragon Ball
92%
120Bleach
75%
78Hunter X Hunter
52%
72Fairy Tail
50%
200Détective Conan
46%
150Pokémon
38%
100L'Attaque des Titans
37%
70Fullmetal Alchemist
26%
157Slam Dunk
21%
127JoJo's Bizarre Adventure
19%
64Kingdom
14%
280Golgo 13
11%
96Ippo
11%
82Olive et Tom
11%
100Doraemon
10%
100Ken le Survivant
9%
100Astro Boy
6%
70Kenshin le vagabond
3%
156Kochikame
2%
130Oishinbo
2%
100Touch
2%
100Les Enquêtes de Kindaichi
1%
86Sazae-San
1%
60Aoki densetsu shoot !
0%
75Grappler Baki
0%
61Hana yori dango
0%
75Muscleman
0%
60Racaille Blues
0%

Distribution des résultats

Percentile par nombre de réponses

% des personnes avec chaque résultat

Votre développement - résultats

Vous n’avez pas pris ce quiz depuis la dernière actualisation